Central Library OPAC University of Rajshahi

মাদারে মিল্লাত / (Record no. 71479)

MARC details
000 -LEADER
fixed length control field 00898nam a2200229 a 4500
001 - CONTROL NUMBER
control field 71479
003 - CONTROL NUMBER IDENTIFIER
rucl marc code BD-RjUL
005 - DATE AND TIME OF LATEST TRANSACTION
control field 20211209082123.0
008 - FIXED-LENGTH DATA ELEMENTS--GENERAL INFORMATION
fixed length control field 170504s1965 bg ||||| |||| 00| 0dben d
020 ## - INTERNATIONAL STANDARD BOOK NUMBER
Terms of availability : Tk. 5.00
035 ## - SYSTEM CONTROL NUMBER
System control number (BD-RjUL)71695
040 ## - CATALOGING SOURCE
Original cataloging agency BD-RjUL
Language of cataloging ben
Transcribing agency BD-RjUL
041 ## - LANGUAGE CODE
Language code of text/sound track or separate title ben
082 ## - DEWEY DECIMAL CLASSIFICATION NUMBER
Edition number 23
Classification number 954.9042092
Author mark and year MAM 1965
100 1# - MAIN ENTRY--PERSONAL NAME
Personal name মান্নান, হাকীম আবদুল
9 (RLIN) 211468
245 10 - TITLE STATEMENT
Title মাদারে মিল্লাত /
Statement of responsibility, etc. হাকীম আবদুল মান্নান
260 ## - PUBLICATION, DISTRIBUTION, ETC. (IMPRINT)
Place of publication, distribution, etc. ঢাকা :
Name of publisher, distributor, etc. লতীফ বুক করপোরেশন,
Date of publication, distribution, etc. ১৯৬৫
300 ## - PHYSICAL DESCRIPTION
Pagination ১৩৪ পৃ. ;
Size ২১ সেমি.
600 ## - SUBJECT ADDED ENTRY--PERSONAL NAME
Personal name জিন্নাহ, মোহাম্মদ আলী
Dates associated with a name ১৮৭৬-১৯৪৮
General subdivision জীবনী
Personal name Jinnah, Mohammad Ali
Dates associated with a name 1876-1948
General subdivision Biography
942 ## - ADDED ENTRY ELEMENTS (KOHA)
Source of classification or shelving scheme Dewey Decimal Classification
Koha item type Books
Holdings
Lost status Source of classification or shelving scheme Damaged status Not for loan Collection code Permanent Location Current Location Shelving location Date acquired Cost, normal purchase price Total Checkouts Full call number Date last seen Copy number Koha item type
  Dewey Decimal Classification   Not For Loan Non-fiction Central Library, University of Rajshahi Central Library, University of Rajshahi Reading Room 18/01/1967 5.00   B 954.9042092 MAM 1965 04/05/2017 C-1 Books